[Event "Campeonato de España Veteranos 2017"]
[Site "Altea"]
[Date "2017.10.12"]
[Round "6"]
[White "Cantero Navarro, Antonio"]
[Black "Roche Simon, Manuel Angel"]
[Result "1/2-1/2"]
[Board "2"]
[WhiteElo "2153"]
[WhiteCountry "ESP"]
[WhiteFideId "2203235"]
[WhiteEloChange "2"]
[BlackElo "2216"]
[BlackCountry "ESP"]
[BlackFideId "2216566"]
[BlackEloChange "-2"]

1. e4 {[%clk 1:31:22]} e6 {[%clk 1:30:50]} 2. d4 {[%clk 1:31:22]} d5 {[%clk
1:31:14]} 3. Nd2 {[%clk 1:31:46]} c5 {[%clk 1:31:37]} 4. Ngf3 {[%clk 1:31:46]}
Nc6 {[%clk 1:31:37]} 5. exd5 {[%clk 1:25:10]} exd5 {[%clk 1:31:05]} 6. Bb5 {[%clk
1:25:34]} Bd6 {[%clk 1:30:28]} 7. dxc5 {[%clk 1:24:31]} Bxc5 {[%clk 1:31:06]} 8.
O-O {[%clk 1:14:44]} Ne7 {[%clk 1:29:25]} 9. Nb3 {[%clk 1:06:19]} Bb6 {[%clk
1:29:34]} 10. Re1 {[%clk 1:06:42]} O-O {[%clk 1:15:41]} 11. Be3 {[%clk 1:01:42]}
Bf5 {[%clk 1:13:25]} 12. c3 {[%clk 0:54:58]} Re8 {[%clk 1:08:08]} 13. Qd2 {[%clk
0:50:35]} Be4 {[%clk 1:02:28]} 14. Nfd4 {[%clk 0:50:05]} Rc8 {[%clk 0:56:49]} 15.
Rad1 {[%clk 0:47:44]} Nf5 {[%clk 0:57:10]} 16. Nxf5 {[%clk 0:44:20]} Bxf5 {[%clk
0:49:19]} 17. Qxd5 {[%clk 0:43:36]} Qxd5 {[%clk 0:43:59]} 18. Rxd5 {[%clk
0:40:41]} Be6 {[%clk 0:37:26]} 19. Rd2 {[%clk 0:35:32]} Bxb3 {[%clk 0:36:58]} 20.
axb3 {[%clk 0:33:36]} Bxe3 {[%clk 0:31:29]} 21. fxe3 {[%clk 0:33:36]} Red8 {[%clk
0:31:46]} 22. Rxd8+ {[%clk 0:30:46]} Rxd8 {[%clk 0:32:15]} 23. Bxc6 {[%clk
0:30:50]} bxc6 {[%clk 0:31:12]} 24. Ra1 {[%clk 0:31:30]} Rd7 {[%clk 0:31:35]} 25.
Ra6 {[%clk 0:31:33]} Rc7 {[%clk 0:31:34]} 26. b4 {[%clk 0:28:51]} Kf8 {[%clk
0:31:53]} 27. Kf2 {[%clk 0:27:14]} Ke7 {[%clk 0:31:55]} 28. Ke2 {[%clk 0:25:24]}
Kd7 {[%clk 0:31:13]} 29. Ra5 {[%clk 0:24:21]} Kc8 {[%clk 0:31:13]} 30. Rg5 {[%clk
0:24:46]} g6 {[%clk 0:31:32]} 31. Rc5 {[%clk 0:23:02]} a6 {[%clk 0:31:30]} 32. g4
{[%clk 0:23:02]} f6 {[%clk 0:31:30]} 33. h4 {[%clk 0:19:57]} Kb7 {[%clk 0:31:28]}
34. h5 {[%clk 0:14:12]} Re7 {[%clk 0:31:38]} 35. g5 {[%clk 0:13:12]} f5 {[%clk
0:31:55]} 36. Kd3 {[%clk 0:13:12]} Rd7+ {[%clk 0:32:20]} 37. Kc2 {[%clk 0:13:21]}
Re7 {[%clk 0:32:48]} 38. hxg6 {[%clk 0:13:14]} hxg6 {[%clk 0:32:48]} 39. Kd3
{[%clk 0:12:12]} Rd7+ {[%clk 0:32:42]} 40. Ke2 {[%clk 0:12:31]} Re7 {[%clk
0:32:42]} 41. Rc4 {[%clk 0:09:17]} Rh7 {[%clk 0:32:49]} 42. e4 {[%clk 0:09:17]}
Rh5 {[%clk 0:33:18]} 43. exf5 {[%clk 0:08:26]} gxf5 {[%clk 0:33:44]} 44. g6
{[%clk 0:08:17]} Rg5 {[%clk 0:33:44]} 45. Rf4 {[%clk 0:08:17]} Rxg6 {[%clk
0:33:28]} 46. Rxf5 {[%clk 0:08:42]} Rg1 {[%clk 0:33:34]} 47. Kd3 {[%clk 0:06:35]}
Kb6 {[%clk 0:33:34]} 48. c4 {[%clk 0:06:53]} Rg3+ {[%clk 0:33:27]} 49. Kc2 {[%clk
0:06:23]} Rg4 {[%clk 0:32:34]} 50. Kb3 {[%clk 0:06:01]} Rh4 {[%clk 0:32:22]} 51.
Rf7 {[%clk 0:03:46]} a5 {[%clk 0:32:42]} 52. c5+ {[%clk 0:03:46]} Ka6 {[%clk
0:32:42]} 53. bxa5 {[%clk 0:04:08]} Kxa5 {[%clk 0:32:57]} 54. Rb7 {[%clk
0:04:16]} Rh5 {[%clk 0:21:29]} 55. Kc4 {[%clk 0:04:21]} Rh4+ {[%clk 0:21:43]} 56.
Kc3 {[%clk 0:04:21]} Rh3+ {[%clk 0:20:04]} 57. Kd4 {[%clk 0:04:15]} Rh4+ {[%clk
0:19:58]} 58. Ke5 {[%clk 0:03:51]} Rh6 {[%clk 0:20:25]} 59. Rb6 {[%clk 0:01:19]}
Rg6 {[%clk 0:20:25]} 60. Kd4 {[%clk 0:01:19]} Rg4+ {[%clk 0:18:12]} 61. Kc3
{[%clk 0:01:47]} Rg3+ {[%clk 0:18:29]} 62. Kc4 {[%clk 0:01:24]} Rg4+ {[%clk
0:15:28]} 63. Kc3 {[%clk 0:01:24]} Rg3+ {[%clk 0:15:50]} 64. Kd4 {[%clk 0:01:12]}
Rg4+ {[%clk 0:16:13]} 65. Ke5 {[%clk 0:01:21]} Rg6 {[%clk 0:16:43]} 66. Kf5
{[%clk 0:00:47]} Rh6 {[%clk 0:17:11]} 67. Ke5 {[%clk 0:00:45]} Rg6 {[%clk
0:17:11]} 68. b3 {[%clk 0:01:07]} Rh6 {[%clk 0:17:12]} 69. Kd4 {[%clk 0:01:33]}
Rh4+ {[%clk 0:17:12]} 70. Kc3 {[%clk 0:01:50]} Rh3+ {[%clk 0:17:25]} 71. Kb2
{[%clk 0:01:47]} Rh5 {[%clk 0:16:32]} 72. b4+ {[%clk 0:01:58]} Ka4 {[%clk
0:16:32]} 73. Kc3 {[%clk 0:02:26]} Rh3+ {[%clk 0:16:17]} 74. Kd4 {[%clk 0:02:20]}
Rh6 {[%clk 0:16:33]} 75. Ke5 {[%clk 0:02:20]} Rg6 {[%clk 0:16:33]} 76. b5 {[%clk
0:01:10]} Rg5+ {[%clk 0:16:53]} 77. Kd6 {[%clk 0:01:24]} cxb5 {[%clk 0:16:53]}
78. Ra6+ {[%clk 0:01:53]} Kb3 {[%clk 0:17:09]} 79. c6 {[%clk 0:01:43]} b4 {[%clk
0:16:30]} 80. Ra8 {[%clk 0:01:50]} Rg6+ {[%clk 0:16:12]} 81. Kd7 {[%clk 0:02:19]}
Rg7+ {[%clk 0:16:18]} 82. Kd6 {[%clk 0:02:02]} Kc2 {[%clk 0:16:40]} 83. Rb8
{[%clk 0:02:02]} b3 {[%clk 0:17:03]} 84. c7 {[%clk 0:02:09]} Rxc7 {[%clk
0:17:03]} 85. Kd5 {[%clk 0:02:09]} 1/2-1/2

[Event "Campeonato de España Veteranos 2017"]
[Site "Altea"]
[Date "2017.10.12"]
[Round "6"]
[White "Aranaz Portugues, Jose Carlos"]
[Black "Lloret Ramis, Juan Jose"]
[Result "1-0"]
[Board "3"]
[WhiteElo "2159"]
[WhiteCountry "ESP"]
[WhiteFideId "2274710"]
[WhiteEloChange "9"]
[BlackElo "2120"]
[BlackCountry "ESP"]
[BlackFideId "2204053"]
[BlackEloChange "-9"]

1. d4 {[%clk 1:30:57]} d5 {[%clk 1:30:49]} 2. c4 {[%clk 1:31:20]} e6 {[%clk
1:31:08]} 3. Nc3 {[%clk 1:31:46]} Nf6 {[%clk 1:31:24]} 4. cxd5 {[%clk 1:32:02]}
exd5 {[%clk 1:31:45]} 5. Bg5 {[%clk 1:32:24]} c6 {[%clk 1:31:54]} 6. e3 {[%clk
1:32:48]} Nbd7 {[%clk 1:32:12]} 7. Bd3 {[%clk 1:33:00]} Be7 {[%clk 1:32:28]} 8.
Qc2 {[%clk 1:32:54]} Nh5 {[%clk 1:32:17]} 9. Bxe7 {[%clk 1:31:52]} Qxe7 {[%clk
1:32:42]} 10. Nge2 {[%clk 1:30:48]} g6 {[%clk 1:30:17]} 11. a3 {[%clk 1:24:39]}
Ndf6 {[%clk 1:25:16]} 12. b4 {[%clk 1:24:36]} O-O {[%clk 1:20:56]} 13. h3 {[%clk
1:15:54]} Ng7 {[%clk 1:13:57]} 14. Ng3 {[%clk 1:15:25]} h5 {[%clk 0:59:43]} 15.
b5 {[%clk 1:08:04]} c5 {[%clk 0:56:44]} 16. dxc5 {[%clk 1:08:06]} d4 {[%clk
0:46:33]} 17. Nd1 {[%clk 1:08:20]} dxe3 {[%clk 0:42:31]} 18. O-O {[%clk 1:07:36]}
exf2+ {[%clk 0:40:50]} 19. Nxf2 {[%clk 1:07:02]} Qe3 {[%clk 0:35:46]} 20. Ne4
{[%clk 0:59:09]} Nxe4 {[%clk 0:31:02]} 21. Bxe4 {[%clk 0:59:35]} Bf5 {[%clk
0:30:42]} 22. Bxf5 {[%clk 0:56:38]} Nxf5 {[%clk 0:30:58]} 23. Rfe1 {[%clk
0:56:49]} Qd4 {[%clk 0:27:07]} 24. Rad1 {[%clk 0:51:53]} Ne3 {[%clk 0:19:26]} 25.
Qd3 {[%clk 0:52:14]} Qxd3 {[%clk 0:15:12]} 26. Rxd3 {[%clk 0:52:41]} Nf5 {[%clk
0:14:20]} 27. Rd7 {[%clk 0:53:04]} Rab8 {[%clk 0:04:12]} 28. g4 {[%clk 0:52:46]}
hxg4 {[%clk 0:04:14]} 29. hxg4 {[%clk 0:53:13]} Ng7 {[%clk 0:04:27]} 30. Ree7
{[%clk 0:53:18]} Ne6 {[%clk 0:04:29]} 31. Ne4 {[%clk 0:53:22]} Rbc8 {[%clk
0:00:53]} 32. Nf6+ {[%clk 0:53:15]} Kg7 {[%clk 0:01:00]} 33. Rxe6 {[%clk
0:53:29]} Rxc5 {[%clk 0:01:27]} 34. Ne8+ {[%clk 0:42:06]} Kh6 {[%clk 0:01:56]}
35. Re3 {[%clk 0:36:18]} Rxb5 {[%clk 0:02:11]} 36. Nd6 {[%clk 0:36:07]} Rb1+
{[%clk 0:02:20]} 37. Kg2 {[%clk 0:36:13]} Kg5 {[%clk 0:00:46]} 38. Nxf7+ {[%clk
0:34:51]} Kxg4 {[%clk 0:00:39]} 39. Ne5+ {[%clk 0:33:11]} Kg5 {[%clk 0:00:35]}
40. Rg3+ {[%clk 0:33:24]} Kh6 {[%clk 0:00:32]} 41. Rxg6+ {[%clk 0:33:49]} 1-0

[Event "Campeonato de España Veteranos 2017"]
[Site "Altea"]
[Date "2017.10.12"]
[Round "6"]
[White "Riquelme Valero, Manuel Damian"]
[Black "Fernandez Hernandez, Gerardo"]
[Result "0-1"]
[Board "4"]
[WhiteElo "2147"]
[WhiteCountry "ESP"]
[WhiteFideId "2209004"]
[WhiteEloChange "-9"]
[BlackTitle "CM"]
[BlackElo "2178"]
[BlackCountry "ESP"]
[BlackFideId "2207400"]
[BlackEloChange "9"]

1. d4 {[%clk 1:30:52]} Nf6 {[%clk 1:30:56]} 2. c4 {[%clk 1:31:06]} e6 {[%clk
1:30:38]} 3. Nc3 {[%clk 1:31:26]} Bb4 {[%clk 1:31:03]} 4. f3 {[%clk 1:31:28]} c5
{[%clk 1:31:06]} 5. a3 {[%clk 1:31:41]} Bxc3+ {[%clk 1:31:25]} 6. bxc3 {[%clk
1:32:00]} Nc6 {[%clk 1:30:19]} 7. e4 {[%clk 1:31:46]} d6 {[%clk 1:30:12]} 8. d5
{[%clk 1:27:31]} Na5 {[%clk 1:27:07]} 9. Bd3 {[%clk 1:20:43]} h6 {[%clk 1:12:08]}
10. Ne2 {[%clk 1:16:34]} b6 {[%clk 1:06:40]} 11. O-O {[%clk 1:13:46]} Qe7 {[%clk
1:04:25]} 12. f4 {[%clk 0:58:32]} exd5 {[%clk 0:46:55]} 13. cxd5 {[%clk 0:52:53]}
c4 {[%clk 0:44:46]} 14. Bc2 {[%clk 0:45:53]} Nxe4 {[%clk 0:30:40]} 15. Ng3 {[%clk
0:43:01]} f5 {[%clk 0:31:02]} 16. Nxe4 {[%clk 0:32:43]} fxe4 {[%clk 0:31:19]} 17.
Bxe4 {[%clk 0:32:28]} O-O {[%clk 0:31:21]} 18. Re1 {[%clk 0:32:39]} Qf6 {[%clk
0:30:28]} 19. Be3 {[%clk 0:29:06]} Nb3 {[%clk 0:29:57]} 20. Ra2 {[%clk 0:28:08]}
Bf5 {[%clk 0:27:18]} 21. Bc2 {[%clk 0:22:55]} Qxc3 {[%clk 0:21:28]} 22. Bxf5
{[%clk 0:15:45]} Rxf5 {[%clk 0:21:53]} 23. Rc2 {[%clk 0:16:01]} Qd3 {[%clk
0:20:07]} 24. Qxd3 {[%clk 0:14:59]} cxd3 {[%clk 0:20:34]} 25. Rc3 {[%clk
0:15:11]} Nc5 {[%clk 0:19:08]} 26. Bxc5 {[%clk 0:15:28]} d2 {[%clk 0:18:15]} 27.
Rd1 {[%clk 0:15:30]} bxc5 {[%clk 0:18:07]} 28. g3 {[%clk 0:15:08]} Rxd5 {[%clk
0:18:08]} 29. Rc2 {[%clk 0:15:32]} Kf7 {[%clk 0:14:38]} 30. Rcxd2 {[%clk
0:15:08]} Rxd2 {[%clk 0:15:04]} 31. Rxd2 {[%clk 0:15:31]} Rd8 {[%clk 0:12:54]}
32. Kf2 {[%clk 0:12:50]} d5 {[%clk 0:12:39]} 33. Rb2 {[%clk 0:12:59]} Rd7 {[%clk
0:12:48]} 34. g4 {[%clk 0:12:38]} Ke6 {[%clk 0:12:22]} 35. h4 {[%clk 0:12:22]} d4
{[%clk 0:12:11]} 36. Re2+ {[%clk 0:11:05]} Kd6 {[%clk 0:09:12]} 37. f5 {[%clk
0:11:05]} Re7 {[%clk 0:07:35]} 38. Rxe7 {[%clk 0:10:15]} Kxe7 {[%clk 0:07:59]}
39. g5 {[%clk 0:10:41]} hxg5 {[%clk 0:06:27]} 40. hxg5 {[%clk 0:11:00]} c4 {[%clk
0:05:56]} 41. Ke2 {[%clk 0:11:02]} c3 {[%clk 0:05:44]} 42. Kd3 {[%clk 0:11:21]}
Kd6 {[%clk 0:05:58]} 43. Kc2 {[%clk 0:11:33]} Ke5 {[%clk 0:06:11]} 0-1

[Event "Campeonato de España Veteranos 2017"]
[Site "Altea"]
[Date "2017.10.12"]
[Round "6"]
[White "Lloret Climent, Miguel"]
[Black "Sabater Sanchez, Asensio"]
[Result "1/2-1/2"]
[Board "6"]
[WhiteElo "1950"]
[WhiteCountry "ESP"]
[WhiteFideId "2206439"]
[WhiteEloChange "5"]
[BlackElo "2149"]
[BlackCountry "ESP"]
[BlackFideId "2229056"]
[BlackEloChange "-5"]

1. e4 {[%clk 1:30:53]} e6 {[%clk 1:30:28]} 2. d4 {[%clk 1:31:03]} d5 {[%clk
1:30:52]} 3. Nd2 {[%clk 1:31:11]} Nc6 {[%clk 1:30:48]} 4. Ngf3 {[%clk 1:30:42]}
Nf6 {[%clk 1:30:49]} 5. e5 {[%clk 1:28:57]} Nd7 {[%clk 1:31:06]} 6. c3 {[%clk
1:23:08]} f6 {[%clk 1:31:24]} 7. exf6 {[%clk 1:17:34]} Qxf6 {[%clk 1:31:03]} 8.
Bb5 {[%clk 1:16:00]} Bd6 {[%clk 1:30:36]} 9. O-O {[%clk 1:12:27]} O-O {[%clk
1:30:44]} 10. Re1 {[%clk 1:11:04]} a6 {[%clk 1:26:51]} 11. Ba4 {[%clk 1:10:13]}
b5 {[%clk 1:23:31]} 12. Bb3 {[%clk 1:09:49]} Nb6 {[%clk 1:20:00]} 13. Nf1 {[%clk
1:09:35]} Bd7 {[%clk 1:14:40]} 14. Bg5 {[%clk 1:08:39]} Qf7 {[%clk 1:14:42]} 15.
Bh4 {[%clk 1:01:58]} h6 {[%clk 1:13:34]} 16. Bc2 {[%clk 0:49:51]} g5 {[%clk
1:09:27]} 17. Bg3 {[%clk 0:49:12]} Qg7 {[%clk 1:03:28]} 18. Qd3 {[%clk 0:46:45]}
Rae8 {[%clk 1:01:59]} 19. Ne3 {[%clk 0:40:47]} Nc4 {[%clk 1:01:37]} 20. b3 {[%clk
0:38:12]} Nxe3 {[%clk 0:58:16]} 21. Rxe3 {[%clk 0:38:12]} Bf4 {[%clk 0:55:14]}
22. Re2 {[%clk 0:37:47]} Re7 {[%clk 0:52:26]} 23. Rae1 {[%clk 0:35:52]} Rf6
{[%clk 0:51:20]} 24. a3 {[%clk 0:35:47]} Bxg3 {[%clk 0:49:42]} 25. fxg3 {[%clk
0:35:33]} Be8 {[%clk 0:49:18]} 26. Ne5 {[%clk 0:34:54]} Nxe5 {[%clk 0:47:39]} 27.
dxe5 {[%clk 0:35:14]} Rf8 {[%clk 0:46:27]} 28. b4 {[%clk 0:32:29]} Bh5 {[%clk
0:46:04]} 29. Re3 {[%clk 0:24:50]} Bg4 {[%clk 0:45:08]} 30. Qd4 {[%clk 0:24:31]}
Qf7 {[%clk 0:44:26]} 31. Bd3 {[%clk 0:23:03]} Qf2+ {[%clk 0:42:40]} 32. Kh1
{[%clk 0:23:26]} Ref7 {[%clk 0:41:12]} 33. h3 {[%clk 0:23:25]} Bf5 {[%clk
0:40:58]} 34. Rf1 {[%clk 0:21:40]} Qb2 {[%clk 0:35:30]} 35. Ref3 {[%clk 0:21:32]}
Qd2 {[%clk 0:24:58]} 36. Bxf5 {[%clk 0:21:10]} Qxd4 {[%clk 0:25:19]} 37. Bh7+
{[%clk 0:19:08]} Kxh7 {[%clk 0:24:53]} 38. Rxf7+ {[%clk 0:16:41]} Rxf7 {[%clk
0:25:16]} 39. Rxf7+ {[%clk 0:17:04]} Kg8 {[%clk 0:25:41]} 40. cxd4 {[%clk
0:17:11]} Kxf7 {[%clk 0:26:06]} 41. g4 {[%clk 0:17:27]} Ke7 {[%clk 0:25:06]} 42.
Kg1 {[%clk 0:17:06]} Kd7 {[%clk 0:25:04]} 43. Kf2 {[%clk 0:17:25]} Kc6 {[%clk
0:25:06]} 44. Ke3 {[%clk 0:17:46]} Kb6 {[%clk 0:25:25]} 45. Kd3 {[%clk 0:17:46]}
1/2-1/2

[Event "Campeonato de España Veteranos 2017"]
[Site "Altea"]
[Date "2017.10.12"]
[Round "6"]
[White "Mancebo Ibanez, Fernando"]
[Black "Acebal Muniz, Antonio"]
[Result "0-1"]
[Board "7"]
[WhiteElo "2100"]
[WhiteCountry "ESP"]
[WhiteFideId "2204193"]
[WhiteEloChange "-10"]
[BlackTitle "FM"]
[BlackElo "2091"]
[BlackCountry "ESP"]
[BlackFideId "2200937"]
[BlackEloChange "10"]

1. d4 {[%clk 1:30:30]} d5 {[%clk 1:29:58]} 2. c4 {[%clk 1:22:50]} e6 {[%clk
1:29:48]} 3. Nf3 {[%clk 1:23:05]} Nf6 {[%clk 1:29:41]} 4. Nc3 {[%clk 1:23:09]}
Be7 {[%clk 1:29:26]} 5. Bf4 {[%clk 1:23:10]} O-O {[%clk 1:29:02]} 6. e3 {[%clk
1:23:36]} c5 {[%clk 1:28:47]} 7. dxc5 {[%clk 1:23:54]} Bxc5 {[%clk 1:28:15]} 8.
Qc2 {[%clk 1:24:09]} Nc6 {[%clk 1:26:13]} 9. a3 {[%clk 1:24:32]} Qa5 {[%clk
1:26:30]} 10. O-O-O {[%clk 1:24:21]} Be7 {[%clk 1:17:37]} 11. g4 {[%clk 1:19:29]}
dxc4 {[%clk 1:12:16]} 12. Bxc4 {[%clk 1:19:37]} e5 {[%clk 1:07:50]} 13. g5 {[%clk
1:19:49]} exf4 {[%clk 1:04:47]} 14. gxf6 {[%clk 1:20:15]} Bxf6 {[%clk 1:04:19]}
15. Nd5 {[%clk 1:20:34]} Ne7 {[%clk 0:42:14]} 16. Nxf6+ {[%clk 1:20:37]} gxf6
{[%clk 0:42:41]} 17. Rhg1+ {[%clk 1:20:58]} Kh8 {[%clk 0:41:35]} 18. Qe4 {[%clk
1:10:52]} Qc5 {[%clk 0:28:31]} 19. Qxf4 {[%clk 0:57:11]} Bf5 {[%clk 0:27:15]} 20.
b4 {[%clk 0:46:58]} Qc6 {[%clk 0:23:55]} 21. Kb2 {[%clk 0:44:48]} Rac8 {[%clk
0:17:43]} 22. Rc1 {[%clk 0:32:14]} Qe4 {[%clk 0:13:57]} 23. Qxe4 {[%clk 0:23:57]}
Bxe4 {[%clk 0:14:24]} 24. Nd2 {[%clk 0:21:40]} Bc6 {[%clk 0:13:38]} 25. b5 {[%clk
0:21:38]} Bd5 {[%clk 0:07:45]} 26. Bxd5 {[%clk 0:21:47]} Nxd5 {[%clk 0:07:55]}
27. Ne4 {[%clk 0:21:32]} Rcd8 {[%clk 0:06:27]} 28. Ng3 {[%clk 0:17:20]} Rfe8
{[%clk 0:06:06]} 29. Rgd1 {[%clk 0:17:13]} Kg8 {[%clk 0:02:45]} 30. Kb3 {[%clk
0:11:57]} Kf8 {[%clk 0:02:48]} 31. Rd4 {[%clk 0:10:33]} Nb6 {[%clk 0:01:31]} 32.
Rcd1 {[%clk 0:06:09]} Rxd4 {[%clk 0:01:39]} 33. Rxd4 {[%clk 0:06:38]} Re5 {[%clk
0:01:46]} 34. a4 {[%clk 0:06:56]} Ke7 {[%clk 0:00:48]} 35. h4 {[%clk 0:05:30]}
Nd7 {[%clk 0:00:58]} 36. h5 {[%clk 0:05:36]} b6 {[%clk 0:00:53]} 37. Kb4 {[%clk
0:05:30]} Nc5 {[%clk 0:00:57]} 38. f4 {[%clk 0:02:41]} Re6 {[%clk 0:00:45]} 39.
Nf5+ {[%clk 0:02:21]} Kf8 {[%clk 0:00:56]} 40. Rd8+ {[%clk 0:02:37]} Re8 {[%clk
0:01:20]} 41. Rxe8+ {[%clk 0:01:55]} Kxe8 {[%clk 0:01:48]} 42. Nd6+ {[%clk
0:02:10]} Kd7 {[%clk 0:01:36]} 43. Nxf7 {[%clk 0:01:58]} Ne4 {[%clk 0:01:14]} 44.
Nh6 {[%clk 0:01:58]} Ng3 {[%clk 0:01:37]} 45. Kc4 {[%clk 0:01:00]} Ke6 {[%clk
0:01:45]} 46. Kd3 {[%clk 0:00:48]} f5 {[%clk 0:01:37]} 47. Ng8 {[%clk 0:00:44]}
Kf7 {[%clk 0:01:37]} 48. Nh6+ {[%clk 0:00:44]} Kg7 {[%clk 0:01:20]} 49. Nxf5+
{[%clk 0:01:25]} Nxf5 {[%clk 0:01:48]} 50. e4 {[%clk 0:01:44]} Ng3 {[%clk
0:02:05]} 51. h6+ {[%clk 0:02:03]} Kxh6 {[%clk 0:02:30]} 52. e5 {[%clk 0:02:17]}
Kg6 {[%clk 0:02:44]} 53. Kd4 {[%clk 0:02:44]} h5 {[%clk 0:02:58]} 54. Kd5 {[%clk
0:03:03]} h4 {[%clk 0:03:03]} 55. Kd6 {[%clk 0:03:26]} h3 {[%clk 0:03:21]} 56. e6
{[%clk 0:03:56]} h2 {[%clk 0:02:34]} 0-1

[Event "Campeonato de España Veteranos 2017"]
[Site "Altea"]
[Date "2017.10.12"]
[Round "6"]
[White "Buxade Roca, Guillermo"]
[Black "Suba, Mihai"]
[Result "1/2-1/2"]
[Board "10"]
[WhiteElo "2025"]
[WhiteCountry "ESP"]
[WhiteFideId "2201127"]
[WhiteEloChange "7"]
[BlackTitle "GM"]
[BlackElo "2315"]
[BlackCountry "ROU"]
[BlackFideId "1203363"]
[BlackEloChange "-7"]

1. e4 {[%clk 1:30:51]} c5 {[%clk 1:30:54]} 2. Nc3 {[%clk 1:30:59]} Nc6 {[%clk
1:30:21]} 3. g3 {[%clk 1:31:11]} g6 {[%clk 1:30:36]} 4. Bg2 {[%clk 1:31:29]} Bg7
{[%clk 1:31:03]} 5. d3 {[%clk 1:31:44]} d6 {[%clk 1:31:11]} 6. Be3 {[%clk
1:31:01]} e5 {[%clk 1:30:26]} 7. Qd2 {[%clk 1:27:27]} Nge7 {[%clk 1:29:48]} 8.
Nf3 {[%clk 1:23:46]} Nd4 {[%clk 1:28:28]} 9. Bxd4 {[%clk 1:13:10]} cxd4 {[%clk
1:27:48]} 10. Ne2 {[%clk 1:12:22]} O-O {[%clk 1:27:41]} 11. c3 {[%clk 1:09:02]}
dxc3 {[%clk 1:24:37]} 12. bxc3 {[%clk 1:07:13]} d5 {[%clk 1:24:24]} 13. d4 {[%clk
0:59:31]} exd4 {[%clk 1:16:49]} 14. Nfxd4 {[%clk 0:58:42]} Re8 {[%clk 1:13:23]}
15. O-O {[%clk 0:57:47]} dxe4 {[%clk 1:13:32]} 16. Bxe4 {[%clk 0:57:19]} Nd5
{[%clk 1:13:10]} 17. Bf3 {[%clk 0:47:15]} Bh3 {[%clk 1:09:01]} 18. Rfd1 {[%clk
0:46:17]} Rc8 {[%clk 0:53:17]} 19. Rab1 {[%clk 0:35:17]} Nxc3 {[%clk 0:50:24]}
20. Nxc3 {[%clk 0:31:36]} Bxd4 {[%clk 0:50:01]} 21. Ne4 {[%clk 0:27:06]} Be5
{[%clk 0:43:52]} 22. Qh6 {[%clk 0:26:18]} Bd7 {[%clk 0:40:54]} 23. Ng5 {[%clk
0:23:27]} Bg7 {[%clk 0:40:43]} 24. Qxh7+ {[%clk 0:23:17]} Kf8 {[%clk 0:41:07]}
25. Qh4 {[%clk 0:16:15]} Kg8 {[%clk 0:41:07]} 26. Ne4 {[%clk 0:16:15]} Be5 {[%clk
0:41:07]} 27. Nc3 {[%clk 0:16:15]} Bd4 {[%clk 0:26:26]} 28. Ne4 {[%clk 0:16:15]}
1/2-1/2

[Event "Campeonato de España Veteranos 2017"]
[Site "Altea"]
[Date "2017.10.12"]
[Round "6"]
[White "Pastor Alonso De Prado, Alberto"]
[Black "De Lucas Bello, Federico"]
[Result "1-0"]
[Board "11"]
[WhiteElo "2131"]
[WhiteCountry "ESP"]
[WhiteFideId "2255740"]
[WhiteEloChange "6"]
[BlackElo "1988"]
[BlackCountry "ESP"]
[BlackFideId "2218259"]
[BlackEloChange "-6"]

1. e4 {[%clk 1:30:55]} c5 {[%clk 1:30:48]} 2. c3 {[%clk 1:30:52]} Nf6 {[%clk
1:31:06]} 3. e5 {[%clk 1:31:17]} Nd5 {[%clk 1:31:27]} 4. d4 {[%clk 1:30:43]} cxd4
{[%clk 1:28:31]} 5. Nf3 {[%clk 1:31:05]} e6 {[%clk 1:28:41]} 6. cxd4 {[%clk
1:31:30]} Nc6 {[%clk 1:28:48]} 7. Nc3 {[%clk 1:31:45]} Nxc3 {[%clk 1:26:38]} 8.
bxc3 {[%clk 1:31:22]} d6 {[%clk 1:26:12]} 9. Bf4 {[%clk 1:30:17]} Be7 {[%clk
1:25:37]} 10. Bd3 {[%clk 1:30:22]} dxe5 {[%clk 1:24:36]} 11. dxe5 {[%clk
1:25:38]} Qa5 {[%clk 1:20:59]} 12. Qc2 {[%clk 1:25:34]} g5 {[%clk 1:16:17]} 13.
Nxg5 {[%clk 1:21:44]} Nxe5 {[%clk 1:11:46]} 14. Be2 {[%clk 1:10:26]} Ng6 {[%clk
1:03:12]} 15. Nh3 {[%clk 1:10:44]} Bd7 {[%clk 0:56:01]} 16. O-O {[%clk 1:02:29]}
Bc6 {[%clk 0:52:59]} 17. Bd3 {[%clk 0:52:02]} Nxf4 {[%clk 0:45:18]} 18. Nxf4
{[%clk 0:52:15]} Qg5 {[%clk 0:45:30]} 19. g3 {[%clk 0:52:26]} Bd6 {[%clk
0:44:21]} 20. Ng2 {[%clk 0:51:45]} Qd5 {[%clk 0:39:57]} 21. f3 {[%clk 0:51:44]}
Be5 {[%clk 0:37:06]} 22. Be4 {[%clk 0:45:58]} Qc5+ {[%clk 0:36:21]} 23. Kh1
{[%clk 0:46:17]} Rc8 {[%clk 0:34:23]} 24. Rac1 {[%clk 0:42:38]} b6 {[%clk
0:31:54]} 25. Rfe1 {[%clk 0:38:28]} Bf6 {[%clk 0:30:30]} 26. c4 {[%clk 0:35:56]}
Bg5 {[%clk 0:28:08]} 27. f4 {[%clk 0:34:30]} Bf6 {[%clk 0:27:22]} 28. f5 {[%clk
0:30:42]} Bg5 {[%clk 0:22:47]} 29. Rcd1 {[%clk 0:24:34]} Ke7 {[%clk 0:19:40]} 30.
fxe6 {[%clk 0:23:55]} fxe6 {[%clk 0:19:54]} 31. Bf5 {[%clk 0:21:23]} Bxg2+ {[%clk
0:18:47]} 32. Kxg2 {[%clk 0:21:30]} Rc6 {[%clk 0:17:51]} 33. Qd3 {[%clk 0:16:48]}
Re8 {[%clk 0:12:16]} 34. Bxe6 {[%clk 0:07:59]} 1-0

[Event "Campeonato de España Veteranos 2017"]
[Site "Altea"]
[Date "2017.10.12"]
[Round "6"]
[White "Coll Sola, Joan"]
[Black "Vinal Gutierrez, Pedro"]
[Result "1/2-1/2"]
[Board "14"]
[WhiteElo "2045"]
[WhiteCountry "ESP"]
[WhiteFideId "2291088"]
[BlackElo "2041"]
[BlackCountry "ESP"]
[BlackFideId "2212870"]

1. e4 {[%clk 1:30:59]} e6 {[%clk 1:30:59]} 2. d4 {[%clk 1:31:23]} d5 {[%clk
1:31:26]} 3. Nd2 {[%clk 1:31:47]} c5 {[%clk 1:31:54]} 4. exd5 {[%clk 1:31:54]}
Qxd5 {[%clk 1:32:11]} 5. Ngf3 {[%clk 1:32:14]} cxd4 {[%clk 1:32:29]} 6. Bc4
{[%clk 1:32:33]} Qd7 {[%clk 1:32:33]} 7. O-O {[%clk 1:32:05]} Nc6 {[%clk
1:29:22]} 8. Nb3 {[%clk 1:31:58]} Nf6 {[%clk 1:29:22]} 9. Nbxd4 {[%clk 1:30:27]}
Nxd4 {[%clk 1:29:48]} 10. Nxd4 {[%clk 1:24:18]} a6 {[%clk 1:30:00]} 11. Bf4
{[%clk 1:14:48]} Bc5 {[%clk 1:26:39]} 12. Nb3 {[%clk 1:10:51]} Be7 {[%clk
1:26:00]} 13. Re1 {[%clk 1:05:56]} b5 {[%clk 1:25:26]} 14. Be2 {[%clk 1:01:55]}
Qxd1 {[%clk 1:23:00]} 15. Raxd1 {[%clk 0:57:46]} Bb7 {[%clk 1:23:11]} 16. c4
{[%clk 0:52:59]} bxc4 {[%clk 1:22:24]} 17. Bxc4 {[%clk 0:53:16]} O-O {[%clk
1:16:42]} 18. Na5 {[%clk 0:48:03]} Be4 {[%clk 1:15:26]} 19. Bg5 {[%clk 0:43:30]}
Bc2 {[%clk 1:06:25]} 20. Rc1 {[%clk 0:41:43]} Bb4 {[%clk 1:03:49]} 21. Re2 {[%clk
0:40:21]} Ba4 {[%clk 1:01:28]} 22. Nb3 {[%clk 0:40:21]} Rfd8 {[%clk 0:59:50]} 23.
h3 {[%clk 0:36:18]} h6 {[%clk 0:54:55]} 24. Be3 {[%clk 0:36:13]} Nd5 {[%clk
0:54:46]} 25. Bc5 {[%clk 0:32:28]} Bxc5 {[%clk 0:48:54]} 26. Nxc5 {[%clk
0:32:53]} Bb5 {[%clk 0:49:01]} 27. Bxb5 {[%clk 0:29:46]} axb5 {[%clk 0:49:17]}
28. a3 {[%clk 0:29:56]} 1/2-1/2